000 00386pab a2200157 454500
008 180718b1987 xxu||||| |||| 00| 0 eng d
100 _aTotemberg, Julio J.
245 _aThe relative rigidity of monopoly pricing
260 _c1987
300 _a917-26
362 _aDec.
650 _aMonopolies
700 _aGarth Saloner
773 _aAmerican Economic Review
909 _a13729
999 _c13729
_d13729